• 首页
  • 本馆介绍
  • 公告通知
  • 最新文献
  • 馆藏检索
  • 电子资源
  • 读者导购
  • 参考咨询
  • 我的图书馆
  • 登录
  • 详细信息显示
  • 放入我的书架
  • 预约/预借图书
  • 作者相关作品
  • 分类相关作品
  • 丛书相关作品
  • 出版社相关作品

书目信息

  • 表格格式
  • 工作单格式
  • 卡片格式
题名:
广西岑王老山自然保护区生物多样性保护研究
    
 
作者: 谭伟福 主编
分册:  
出版信息: 北京   中国环境科学出版社  2005
页数: 24,353页
开本: 29cm
丛书名:
单 册:
中图分类: S759.992.67 , X176
科图分类:
主题词: 自然保护区--生物多样性--环境保护--研究--广西壮族自治区 , 自然保护区 , 生物多样性 , 环境保护
电子资源:
ISBN: 7-80209-159-4
000 01236nam0 2200313 450
001 002996485
005 20070807162229.34
010    @a7-80209-159-4@dCNY68.00
035    @a002996485
100    @a20050616d2005 emky0chiy0110 ea
101 0  @achi@eeng
102    @aCN@b110000
105    @aab z 000yy
106    @ar
200 1  @a广西岑王老山自然保护区生物多样性保护研究@Aguang xi cen wang lao shan zi ran bao hu qu sheng wu duo yang xing bao hu yan jiu@f谭伟福主编@Ftan wei fu zhu bian
210    @a北京@c中国环境科学出版社@d2005
215    @a24,353页@c地图,彩照@d29cm
312    @a封面英文题名:Study on biodiverstity conservation in Guangxi Cenwanglaoshan Nature Reserve
330    @a本书分析了岑王老山的生物多样性及其保护管理。主要包括生物多样性及其评价、生物多样性的保护现状与展望、自然与社会经济状况等三个方面。
510 1  @aStudy on biodiverstity conservation in Guangxi Cenwanglaoshan Nature Reserve@zeng
606 0  @a自然保护区@x生物多样性@x环境保护@x研究@y广西壮族自治区
606 0  @a自然保护区
606 0  @a生物多样性
606 0  @a环境保护
690    @aS759.992.67@v4
690    @aX176@v4
701  0 @a谭伟福@Atan wei fu@f(1963~)@4主编
801  0 @aCN@bNLC@c20070807
905    @dS759.992.67@e38@f1
    
    广西岑王老山自然保护区生物多样性保护研究/谭伟福主编.-北京:中国环境科学出版社,2005
    24,353页:地图,彩照;29cm
    
    
    ISBN 7-80209-159-4:CNY68.00
    本书分析了岑王老山的生物多样性及其保护管理。主要包括生物多样性及其评价、生物多样性的保护现状与展望、自然与社会经济状况等三个方面。
●
相关链接 在E读中查询图书 在五车中查询图书 在当当中查询图书 在豆瓣中查询图书


正题名:广西岑王老山自然保护区生物多样性保护研究     索取号:S759.992.67/38         预约/预借

序号 登录号 条形码 馆藏地/架位号 状态 备注
1 0853336   208533363   第二样本阅览室/ [索取号:S759.992.67/38] 在馆    
唐山师范学院图书馆 欢迎您!
大连网信软件有限公司© 版权所有